Statistics Using R (Record no. 4824)

MARC details
000 -LEADER
fixed length control field 00657nam a22002417a 4500
003 - CONTROL NUMBER IDENTIFIER
control field OSt
005 - DATE AND TIME OF LATEST TRANSACTION
control field 20220107122805.0
008 - FIXED-LENGTH DATA ELEMENTS--GENERAL INFORMATION
fixed length control field 150915b xxu||||| |||| 00| 0 eng d
020 ## - INTERNATIONAL STANDARD BOOK NUMBER
International Standard Book Number 9788184874556
040 ## - CATALOGING SOURCE
Transcribing agency IIITMK
Modifying agency
082 ## - DEWEY DECIMAL CLASSIFICATION NUMBER
Classification number 005.133R PUR/S
100 ## - MAIN ENTRY--PERSONAL NAME
Personal name Purohit, Sudha G.
9 (RLIN) 7741
245 ## - TITLE STATEMENT
Title Statistics Using R
Statement of responsibility, etc. by Purohit, Sudha G.
250 ## - EDITION STATEMENT
Edition statement 2
260 ## - PUBLICATION, DISTRIBUTION, ETC.
Place of publication, distribution, etc. New Delhi,
Name of publisher, distributor, etc. Narosa Publishing House,
Date of publication, distribution, etc. 2013.
300 ## - PHYSICAL DESCRIPTION
Extent vii, 300p.
650 ## - SUBJECT ADDED ENTRY--TOPICAL TERM
Topical term or geographic name entry element MATHEMATICS
9 (RLIN) 7742
650 ## - SUBJECT ADDED ENTRY--TOPICAL TERM
Topical term or geographic name entry element STATISTICS
9 (RLIN) 7743
650 ## - SUBJECT ADDED ENTRY--TOPICAL TERM
Topical term or geographic name entry element PROGRAMMING LANGUAGE R
9 (RLIN) 7744
700 ## - ADDED ENTRY--PERSONAL NAME
Personal name Sharad D. Gore
9 (RLIN) 7745
700 ## - ADDED ENTRY--PERSONAL NAME
Personal name Shailaja R. Deshmukh
9 (RLIN) 7746
942 ## - ADDED ENTRY ELEMENTS (KOHA)
Source of classification or shelving scheme Dewey Decimal Classification
Koha item type Books
Holdings
Withdrawn status Lost status Source of classification or shelving scheme Damaged status Not for loan Collection code Home library Current library Shelving location Date acquired Cost, normal purchase price Total Checkouts Total Renewals Full call number Barcode Date due Date last seen Date last checked out Price effective from Koha item type
    Dewey Decimal Classification     Non Fiction Kerala University of Digital Sciences, Innovation and Technology Knowledge Centre Kerala University of Digital Sciences, Innovation and Technology Knowledge Centre Mathematics 15/09/2015 277.00 18 6 519.50285R PUR/S 4246 06/03/2025 20/02/2025 20/02/2025 15/09/2015 Books